Swedish Words by Literal Translation - Statistics

General Stats
  • This quiz has been taken 93 times
  • The average score is 8 of 14
Answer Stats
Swedish Literal translation English % Correct
Sjukhus Sick house Hospital
98%
Huvudstad Head city Capital
94%
Farfar Father father Grandfather
94%
Flygplats Flying place Airport
89%
Kylskåp Cooling cabinet Refrigerator
88%
Glasögon Glass eyes Glasses
83%
Sköldpadda Shield toad Turtle
67%
Studsmatta Bouncing carpet Trampoline
52%
Sjöjungfru Lake virgin Mermaid
42%
Frågesport Question sport Quiz
41%
Handtag Hand grip Handle
37%
Sengångare Tardy walker Sloth
19%
Oljud Non-sound Noise
18%
Bindestreck Binding line Hyphen
13%
No matching quizzes found
Score Distribution
Percent of People with Each Score
Percentile by Number Answered
Your Score History
You have not taken this quiz